000
00346nam a2200145Ia 4500
008
220216s9999 xx 000 0 und d
100
_a
Thomas K U
245
0
_a
Controlled upward tapping
260
_b
Rubber Board Bulletin
_c
2006
300
_a
13-Sep
650
_a
CUT
650
_a
Upward tapping
700
_a
Vijayakumar K R
942
_c
BS
999
_c
50710
_d
50710